| 000 | 01431nam a22003617i 4500 | ||
|---|---|---|---|
| 999 |
_c23398 _d23398 |
||
| 003 | AR-CdUCM | ||
| 008 | 250908b20242024 pe||||| |||| 00| 0 spa d | ||
| 020 | _a978-612-4392-68-9 | ||
| 040 |
_aMUNICIPALIDAD PROVINCIAL DEL CUSCO _cBIBLIOTECA MUNICIPAL DEL CUSCO |
||
| 041 | _hspa | ||
| 082 |
_a 461.4061 / T35 _bT35 |
||
| 100 |
_aTello Yarin, Eddy _951529 |
||
| 245 | _aEstrategias de ortotipografía aplicadas a la redacción administrativa / | ||
| 260 |
_aCusco : _bUniversidad Andina del Cusco _c2024 |
||
| 300 |
_a189 páginas. : _c24x19 cm. |
||
| 500 | _zPágina: 189 | ||
| 505 | _aLos signos de puntuación -- Acentuación y tildación diacrítica -- La concordancia gramatical -- Los conectores -- Aspectos generales de la comunicación -- Clasificación de los documentos administrativos | ||
| 650 |
_aLos signos de puntuación _951530 |
||
| 650 |
_aMayúsculas _951531 |
||
| 650 |
_aTildación didáctica _951532 |
||
| 650 |
_aLos numerales _951533 |
||
| 650 |
_aLa concordancia _951534 |
||
| 650 |
_aLos conectores _951535 |
||
| 650 |
_aDocumentos administrativos _951536 |
||
| 700 |
_aLlerena Cervantes, Carla _951537 |
||
| 700 |
_aVelasco Palacios, María Dolores _951538 |
||
| 700 |
_aCarrión Salinas, Luz Ana _951539 |
||
| 700 |
_aValencia Vería, Marleni _951540 |
||
| 700 |
_aCondori Caucha, Mery Luz _951541 |
||
| 856 | _fwww.uandina.edu.pe | ||
| 942 |
_2ddc _cLIBROS |
||
| 945 |
_apbjr _d8-09-2025 |
||